| 000 | 01149cam a2200325 a 4500 | ||
|---|---|---|---|
| 001 | 13526719 | ||
| 005 | 20250505140042.0 | ||
| 008 | 040317s2003 enkc 001 0ceng d | ||
| 010 | _a 2004297732 | ||
| 020 | _a185743126X | ||
| 035 | _a(OCoLC)ocm52634735 | ||
| 040 |
_aCWR _cCWR _dNDD _dDLC |
||
| 042 | _alccopycat | ||
| 050 | 0 | 0 |
_aJF251 _b.E24 2003 |
| 082 | 0 | 0 |
_a920.0090511 _bEAS |
| 100 | 1 |
_aEast, Roger. _9128819 |
|
| 245 | 1 | 0 |
_aProfiles of people in power : _bthe world's government leaders / _cRoger East and Richard J. Thomas. |
| 250 | _a1st ed. | ||
| 260 |
_aLondon ; _aNew York : _bEuropa, _cc2003. |
||
| 300 |
_axiv, 635 p. : _bports. ; _c24 cm. |
||
| 500 | _aIncludes indexes. | ||
| 650 | 0 |
_aHeads of state _vBiography. _9128820 |
|
| 650 | 0 |
_aPrime ministers _vBiography. _9128821 |
|
| 650 | 0 |
_aWorld politics _y1989- |
|
| 700 | 1 |
_aThomas, Richard, _d1977- _9128822 |
|
| 856 | 4 | 2 |
_3Publisher description _uhttp://www.loc.gov/catdir/enhancements/fy0653/2004297732-d.html |
| 906 |
_a7 _bcbc _ccopycat _d2 _encip _f20 _gy-gencatlg |
||
| 942 |
_2ddc _cBK |
||
| 999 |
_c613656 _d613656 |
||